000 00665nam a22002297a 4500
999 _c10737
_d10737
003 AR-CdUCM
008 190401b ||||| |||| 00| 0 spa d
040 _aMUNICIPALIDAD PROVINCIAL DEL CUSCO
_cBIBLIOTECA MUNICIPAL DEL CUSCO
041 _hrus
082 _a891.74 /
_bIL28
100 _aIlin, M
_91987
245 _aEl pequeño ciudadano de Un gran País /
260 _aBuenos Aires :
_bProblemas,
_c1941.
300 _a31 páginas ;
_bIlustraciones,
_c15 cm.
500 _aDonación de la familia Nieto.
505 _aContenido: Novela.
650 _aNovela
_95
650 _aRusia
_9499
650 _aSiglo XX
_98
942 _2ddc
_cLIBROS
945 _acmm